| 000 | 01291nam a2200253Ia 4500 | ||
|---|---|---|---|
| 003 | Ost | ||
| 005 | 20260507075414.0 | ||
| 008 | 260507s9999||||xx |||||||||||||| ||und|| | ||
| 020 | _a30457959959 | ||
| 040 | _cfsecg | ||
| 041 | _aara | ||
| 082 | _a330 | ||
| 100 |
_aالشمري، هاشم مرزوق _eمؤلف |
||
| 245 | 0 |
_aاستراتيجيات تعزيز القدرة التنافسية للموانئ في ظل الاقتصاديات الحديثة / _c هاشم مرزوق الشمري |
|
| 260 |
_aعمان: _bدار الايام, _c2014 |
||
| 300 |
_a298 صفحة؛ _bإيضاحات ؛ _c25 سم |
||
| 504 | _aالمراجع ص.285 | ||
| 520 | _aيحتوي على مجموعة من الفصول أهمها الاطار النظري للنقل بالتركيز على النقل البحري، واقع القدرة التنافسية لموانئ العراق، تحليل الطلب الكامن على موانئ العراق، المتطلبات الكمية والنوعية لتعزيز القدرة التنافسية لموانئ العراق. | ||
| 653 | _aالموانئ | ||
| 653 | _aالنقل البحري | ||
| 653 | _aالنقل البحري- العراق | ||
| 700 |
_aالعنبي، عبد الحسن محمد _eمؤلف ثانوي |
||
| 942 | _cكتاب | ||
| 999 |
_c44439 _d44439 |
||